<?xml version="1.0" encoding="UTF-8"?>
<record
    xmlns:xsi="http://www.w3.org/2001/XMLSchema-instance"
    xsi:schemaLocation="http://www.loc.gov/MARC21/slim http://www.loc.gov/standards/marcxml/schema/MARC21slim.xsd"
    xmlns="http://www.loc.gov/MARC21/slim">

  <leader>01689nam a2200277   4500</leader>
  <controlfield tag="001">113814</controlfield>
  <controlfield tag="003">DR-UNIBE</controlfield>
  <controlfield tag="005">20250702103630.0</controlfield>
  <controlfield tag="008">250702b2017    dr ||||| |||| 00| 0 spa d</controlfield>
  <datafield tag="020" ind1=" " ind2=" ">
    <subfield code="a">9789945468663</subfield>
  </datafield>
  <datafield tag="040" ind1=" " ind2=" ">
    <subfield code="a">BIBLIOTECA UNIBE</subfield>
    <subfield code="b">spa</subfield>
    <subfield code="c">BIBLIOTECA UNIBE</subfield>
    <subfield code="e">rda</subfield>
  </datafield>
  <datafield tag="041" ind1=" " ind2=" ">
    <subfield code="a">spa</subfield>
  </datafield>
  <datafield tag="082" ind1=" " ind2=" ">
    <subfield code="2">22</subfield>
    <subfield code="a">RD 707 L816e</subfield>
  </datafield>
  <datafield tag="100" ind1="1" ind2="0">
    <subfield code="a">Lockhart,  Mar&#xED;a Soledad</subfield>
    <subfield code="9">196873</subfield>
    <subfield code="e">autor</subfield>
  </datafield>
  <datafield tag="245" ind1="1" ind2="0">
    <subfield code="a">Educaci&#xF3;n art&#xED;stica 1 :</subfield>
    <subfield code="b">por una educaci&#xF3;n de calidad, avancemos ahora /</subfield>
    <subfield code="c">Mar&#xED;a Soledad Lockhart</subfield>
  </datafield>
  <datafield tag="260" ind1=" " ind2=" ">
    <subfield code="a">Santo Domingo :</subfield>
    <subfield code="b">Minsiterio de Educaci&#xF3;n (MINERD),</subfield>
    <subfield code="c">2017</subfield>
  </datafield>
  <datafield tag="300" ind1=" " ind2=" ">
    <subfield code="a">152 p&#xE1;ginas :</subfield>
    <subfield code="b">ilustraciones a color ;</subfield>
    <subfield code="c">27 x 21 cm</subfield>
  </datafield>
  <datafield tag="500" ind1=" " ind2=" ">
    <subfield code="a">Se leen los nombre de los colabores pertenecientes a la Direcci&#xF3;n de Medios Educativos en la contraportada principal</subfield>
  </datafield>
  <datafield tag="505" ind1=" " ind2=" ">
    <subfield code="a">Presentaci&#xF3;n |
Introducci&#xF3;n |
Unidad 1. Juega conmigo |
Unidad 2. Soy &#xFA;nico, soy unica |
Unidad 3. Angelita y Popi visitan a Tata, la vaca |
Unidad 4. El escondido |
Unidad 5. El espejo |
Unidad 6. La forma escondida, &#xBF;qu&#xE9; ser&#xE1;? |
Unidad 7. La gallinita ciega |
Unidad 8. La navidad |
Unidad 9. Angelita y Popi viajan al espacio |
Unidad 10. Roba la gallina |
Unidad 11. Observa |
Unidad 12. El juego de las especies protegidas |
Unidad 13. El tesoro escondido |
Unidad 14. Los t&#xED;teres hacen T.V.</subfield>
  </datafield>
  <datafield tag="650" ind1=" " ind2="7">
    <subfield code="2">lemb</subfield>
    <subfield code="a">Arte </subfield>
    <subfield code="v">Libros de texto</subfield>
    <subfield code="x">Ense&#xF1;anza</subfield>
    <subfield code="x">Educaci&#xF3;n primaria</subfield>
    <subfield code="z">Rep&#xFA;blica Dominicana</subfield>
    <subfield code="9">196880</subfield>
  </datafield>
  <datafield tag="700" ind1="1" ind2="0">
    <subfield code="a">Molinaza, Jos&#xE9;</subfield>
    <subfield code="9">95643</subfield>
    <subfield code="e">coordinador</subfield>
  </datafield>
  <datafield tag="700" ind1="1" ind2="0">
    <subfield code="a">Camejo,  Marcia Jos&#xE9;</subfield>
    <subfield code="9">196875</subfield>
    <subfield code="e">dise&#xF1;ador</subfield>
    <subfield code="e">diagramador</subfield>
  </datafield>
  <datafield tag="700" ind1="1" ind2="0">
    <subfield code="a">Reyes Guzm&#xE1;n, Luis E.</subfield>
    <subfield code="9">196876</subfield>
    <subfield code="e">ilustrador</subfield>
  </datafield>
  <datafield tag="700" ind1="1" ind2="0">
    <subfield code="a">Sagiovanni, Carlos</subfield>
    <subfield code="9">196877</subfield>
    <subfield code="e">dsie&#xF1;ador de portada</subfield>
  </datafield>
  <datafield tag="942" ind1=" " ind2=" ">
    <subfield code="2">ddc</subfield>
    <subfield code="c">BK</subfield>
  </datafield>
  <datafield tag="999" ind1=" " ind2=" ">
    <subfield code="c">113814</subfield>
    <subfield code="d">113814</subfield>
  </datafield>
  <datafield tag="952" ind1=" " ind2=" ">
    <subfield code="0">0</subfield>
    <subfield code="1">0</subfield>
    <subfield code="2">ddc</subfield>
    <subfield code="7">0</subfield>
    <subfield code="8">GEN-RD</subfield>
    <subfield code="a">Principal</subfield>
    <subfield code="d">2025-06-10</subfield>
    <subfield code="l">0</subfield>
    <subfield code="o">RD 707 L816e</subfield>
    <subfield code="p">250703</subfield>
    <subfield code="r">2025-07-02 09:56:16</subfield>
    <subfield code="t">Ej. 1</subfield>
    <subfield code="w">2025-07-02</subfield>
    <subfield code="y">BK</subfield>
  </datafield>
</record>
